[Event "Pere Noel U1800"]
[Site "Montreal CAN"]
[Date "2016.12.29"]
[Round "4.30"]
[White "Giroux, Gilbert"]
[Black "Chang, Alexander RZ"]
[Result "0-1"]
[WhiteElo "1632"]
[BlackElo "1393"]
[PlyCount "86"]
[EventDate "2016.12.26"]
[EventType "swiss"]
[EventRounds "5"]
[EventCountry "CAN"]

1. e4 e5 2. Nf3 Nc6 3. d4 exd4 4. Nxd4 Bc5 5. Nxc6 bxc6 6. Bc4 d6 7. O-O Nf6 8.
Bg5 O-O 9. h3 h6 10. Bxf6 Qxf6 11. c3 Rb8 12. Bb3 Ba6 13. c4 Qxb2 14. Nd2 Qf6
15. Qc2 Rfe8 16. Nf3 Bc8 17. Qd3 Qg6 18. Nd2 Bb4 19. Bc2 Bxd2 20. Qxd2 Bxh3 21.
f3 Bc8 22. e5 Qe6 23. Qd3 g6 24. exd6 Qxd6 25. Rab1 Qxd3 26. Bxd3 Be6 27. Rfe1
Rb6 28. Re2 Rxb1+ 29. Bxb1 Kg7 30. c5 Rd8 31. Be4 Bd5 32. Rd2 f5 33. Bb1 Kf6
34. f4 Rb8 35. Bd3 Rb4 36. g3 Rd4 37. Kf2 Be4 38. Ke3 Rxd3+ 39. Rxd3 Bxd3 40.
Kxd3 Ke6 41. Kc4 g5 42. fxg5 hxg5 43. Kd3 Kd5 0-1

[Event "Pere Noel U1800"]
[Site "Montreal CAN"]
[Date "2016.12.29"]
[Round "4.31"]
[White "Guzman, Marcelo"]
[Black "Lefebvre, Eugene"]
[Result "1/2-1/2"]
[WhiteElo "1535"]
[BlackElo "1322"]
[PlyCount "82"]
[EventDate "2016.12.26"]
[EventType "swiss"]
[EventRounds "5"]
[EventCountry "CAN"]

1. d4 d5 2. Nf3 Nf6 3. Bg5 Nbd7 4. e3 h6 5. Bh4 e6 6. c4 c6 7. Nc3 Be7 8. Be2
O-O 9. O-O b6 10. h3 Bb7 11. Bg3 Re8 12. cxd5 exd5 13. Rc1 Rc8 14. Qa4 a5 15.
Qb3 b5 16. Rc2 a4 17. Nxa4 Qa5 18. Nc3 Ba6 19. Rfc1 Bd8 20. Ne5 Nxe5 21. Bxe5
Be7 22. a3 Red8 23. Na2 Bb7 24. Nb4 Qb6 25. a4 bxa4 26. Qxa4 Bxb4 27. Bf3 Be7
28. Qa2 Bd6 29. Bxd6 Rxd6 30. Qa3 Rdd8 31. b4 Ra8 32. Qb3 Rdc8 33. Rc3 Ne4 34.
Bxe4 dxe4 35. Rc5 g6 36. Qb1 Re8 37. Qb3 Qa7 38. Ra5 Qb6 39. Rac5 Qa7 40. Ra5
Qb6 41. Rac5 Qa7 1/2-1/2

[Event "Pere Noel U1800"]
[Site "Montreal CAN"]
[Date "2016.12.29"]
[Round "4.32"]
[White "Bureau, Robert"]
[Black "Bergeron, Jean-Guy"]
[Result "1/2-1/2"]
[WhiteElo "1476"]
[BlackElo "1518"]
[PlyCount "129"]
[EventDate "2016.12.26"]
[EventType "swiss"]
[EventRounds "5"]
[EventCountry "CAN"]

1. e4 g6 2. d4 c6 3. Nf3 d5 4. exd5 cxd5 5. c4 Nf6 6. Nc3 Bg7 7. c5 O-O 8. Be2
Nc6 9. a3 Re8 10. O-O Bg4 11. Re1 e6 12. h3 Bxf3 13. Bxf3 Nd7 14. Be3 Qh4 15.
Bg4 f5 16. g3 Qf6 17. Bf3 Nxd4 18. Bxd4 Qxd4 19. Qxd4 Bxd4 20. Nxd5 Rac8 21.
Nf4 Nxc5 22. Rab1 Kf7 23. Red1 Nb3 24. Rd3 Rc2 25. Ne2 Bxf2+ 26. Kxf2 Nd2 27.
Rd1 Ne4+ 28. Bxe4 fxe4 29. Rd7+ Re7 30. Rxe7+ Kxe7 31. Rb1 Kf6 32. Ke3 Ke5 33.
Nc3 h6 34. Nxe4 g5 35. Nf2 h5 36. Nd3+ Kd6 37. h4 gxh4 38. gxh4 Rh2 39. Kf4
Rxh4+ 40. Kg5 Rh2 41. Nf4 h4 42. Kg4 e5 43. Nh3 e4 44. Kxh4 Ke5 45. Kg3 Rd2 46.
Nf2 e3 47. Ng4+ Kd4 48. Kf3 e2 49. Re1 Rxb2 50. Rxe2 Rxe2 51. Kxe2 Kc3 52. Ne3
Kb3 53. Kd3 Kxa3 54. Kc3 b5 55. Nd5 a5 56. Kc2 b4 57. Kb1 Kb3 58. Nb6 Kc3 59.
Na4+ Kc4 60. Kb2 Kb5 61. Kb3 Kc6 62. Nb2 Kc5 63. Na4+ Kd4 64. Nb2 Kc5 65. Na4+
1/2-1/2

[Event "Pere Noel U1800"]
[Site "Montreal CAN"]
[Date "2016.12.29"]
[Round "4.34"]
[White "Molloy, Francis"]
[Black "Hebert, Mario"]
[Result "1-0"]
[WhiteElo "1536"]
[BlackElo "1516"]
[PlyCount "79"]
[EventDate "2016.12.26"]
[EventType "swiss"]
[EventRounds "5"]
[EventCountry "CAN"]

1. Nf3 c5 2. c4 Nc6 3. Nc3 Nf6 4. d4 cxd4 5. Nxd4 g6 6. e3 Bg7 7. Be2 O-O 8.
O-O a6 9. b3 e5 10. Nf3 e4 11. Nd4 Re8 12. Bb2 d5 13. Nxc6 bxc6 14. Rb1 Be6 15.
cxd5 cxd5 16. Qd2 Qa5 17. a3 Red8 18. b4 Qc7 19. Rbc1 Qa7 20. Na4 a5 21. Bd4
Qe7 22. Bb6 axb4 23. Bxd8 Qxd8 24. Qxb4 Bf8 25. Qb6 Qe8 26. Bb5 Nd7 27. Bxd7
Bxd7 28. Nc5 Bb5 29. Rfd1 Bc4 30. Rb1 Rc8 31. Nb7 Rc6 32. Qd8 Qe6 33. Qh4 Be7
34. Qg3 Qc8 35. Na5 Bd6 36. Qh4 Rc5 37. Nxc4 Rxc4 38. Qf6 Qc7 39. g3 Be5 40.
Qb6 1-0

[Event "Pere Noel U1800"]
[Site "Montreal CAN"]
[Date "2016.12.29"]
[Round "4.35"]
[White "Gendron, Roger"]
[Black "Straehl, Patrick"]
[Result "1-0"]
[WhiteElo "1494"]
[BlackElo "1374"]
[PlyCount "79"]
[EventDate "2016.12.26"]
[EventType "swiss"]
[EventRounds "5"]
[EventCountry "CAN"]

1. c4 Nf6 2. Nc3 e6 3. g3 d5 4. cxd5 exd5 5. d4 c6 6. Bg2 Bf5 7. Nf3 Bd6 8. O-O
O-O 9. Bg5 h6 10. Bd2 Nbd7 11. Re1 Re8 12. a3 Qc7 13. Rc1 Ne4 14. Nxd5 Qd8 15.
Ne3 Bh7 16. Nc4 Ndf6 17. Nxd6 Qxd6 18. Bb4 Qe6 19. Ne5 Nd5 20. Ba5 f6 21. Nd3
b6 22. Bb4 Rad8 23. e3 Ng5 24. Nf4 Nxf4 25. exf4 Nh3+ 26. Kf1 Qf5 27. Rxe8+
Rxe8 28. Bxh3 Qxh3+ 29. Kg1 Qe6 30. Rc3 Qd5 31. Re3 Rd8 32. h4 c5 33. Bc3 cxd4
34. Bxd4 Qxd4 35. Re8+ Kf7 36. Rxd8 Qxb2 37. Qd7+ Kg6 38. Qg4+ Kf7 39. Rd7+ Ke8
40. Qe6+ 1-0

[Event "Pere Noel U1800"]
[Site "Montreal CAN"]
[Date "2016.12.30"]
[Round "5.17"]
[White "Zheng, Richard"]
[Black "Hollander, Michael"]
[Result "0-1"]
[WhiteElo "1758"]
[BlackElo "1768"]
[PlyCount "76"]
[EventDate "2016.12.26"]
[EventType "swiss"]
[EventRounds "5"]
[EventCountry "CAN"]

1. e4 e6 2. d4 d5 3. Nd2 Be7 4. e5 f6 5. f4 c5 6. c3 Nc6 7. Ngf3 Qb6 8. Qb3
cxd4 9. Qxb6 axb6 10. Nxd4 fxe5 11. Nxc6 bxc6 12. fxe5 Nh6 13. Nf3 Nf5 14. Bd3
O-O 15. Kd1 c5 16. Rf1 Ba6 17. Bxa6 Rxa6 18. Ke2 Ra4 19. Nd2 Rh4 20. Nf3 Re4+
21. Kd1 Nh4 22. Rf2 Nxg2 23. Rxg2 Rxf3 24. Kc2 Rxe5 25. Bh6 g6 26. Rh1 Re4 27.
Bd2 Kg7 28. Re1 Rxe1 29. Bxe1 e5 30. Bg3 e4 31. a4 d4 32. Bc7 d3+ 33. Kd2 Rf5
34. Bxb6 Bg5+ 35. Ke1 e3 36. Rg1 Bh4+ 37. Kd1 e2+ 38. Kd2 Rf1 0-1

[Event "Pere Noel U1800"]
[Site "Montreal CAN"]
[Date "2016.12.30"]
[Round "5.18"]
[White "Kozlov, Guennadi"]
[Black "Baran, Marius"]
[Result "0-1"]
[WhiteElo "1736"]
[BlackElo "1721"]
[PlyCount "116"]
[EventDate "2016.12.26"]
[EventType "swiss"]
[EventRounds "5"]
[EventCountry "CAN"]

1. e4 c5 2. c3 Nf6 3. e5 Nd5 4. d4 cxd4 5. cxd4 d6 6. Nf3 e6 7. Be2 Be7 8. O-O
O-O 9. Bc4 Nb6 10. Bb3 Nc6 11. Nc3 dxe5 12. dxe5 Qxd1 13. Rxd1 Rd8 14. Be3 Nd7
15. Bf4 Nc5 16. Bc4 Bd7 17. a3 Na5 18. Ba2 Nab3 19. Rab1 Bc6 20. Be3 a5 21.
Bxb3 Nxb3 22. Bb6 Rxd1+ 23. Rxd1 a4 24. Nd4 Nxd4 25. Rxd4 Kf8 26. Kf1 Ke8 27.
f4 Bd8 28. Bc5 Be7 29. Bxe7 Kxe7 30. Kf2 Rd8 31. Rxd8 Kxd8 32. g4 h6 33. h4 Ke7
34. Ke3 f6 35. g5 hxg5 36. hxg5 Kf7 37. gxf6 gxf6 38. Kd4 Kg6 39. Kc5 fxe5 40.
fxe5 Kf5 41. Kd6 Be8 42. Ne2 Ke4 43. Kxe6 Kd3 44. Ke7 Bc6 45. Nf4+ Kc2 46. Kd6
Kxb2 47. e6 Kxa3 48. Nd3 Be8 49. Ke7 Bg6 50. Ne5 Bf5 51. Nc4+ Kb4 52. Ne3 Bxe6
53. Kxe6 Kc5 54. Ke5 a3 55. Ke4 a2 56. Nc2 Kc4 57. Na1 b5 58. Ke3 Kc3 0-1

[Event "Pere Noel U1800"]
[Site "Montreal CAN"]
[Date "2016.12.30"]
[Round "5.19"]
[White "Lepine, Yannick"]
[Black "Tinica, Gabriel"]
[Result "0-1"]
[WhiteElo "1545"]
[BlackElo "1606"]
[PlyCount "54"]
[EventDate "2016.12.26"]
[EventType "swiss"]
[EventRounds "5"]
[EventCountry "CAN"]

1. e4 c5 2. Nc3 Nc6 3. g3 g6 4. Bg2 Bg7 5. Nge2 e6 6. O-O Nge7 7. d3 d5 8. a3
O-O 9. Qe1 Nd4 10. Nxd4 cxd4 11. Ne2 dxe4 12. Bxe4 e5 13. Qb4 Nc6 14. Qc5 Bd7
15. Bd2 b6 16. Qd6 Rc8 17. Rac1 Be6 18. Qxd8 Rfxd8 19. f4 f5 20. Bg2 Bd5 21.
fxe5 Bxg2 22. Kxg2 Nxe5 23. Nf4 Kf7 24. h3 Rd7 25. Rfe1 Rc5 26. c4 g5 27. Rxe5
Rxe5 0-1

[Event "Pere Noel U1800"]
[Site "Montreal CAN"]
[Date "2016.12.30"]
[Round "5.20"]
[White "Craciun, David"]
[Black "Charette, Nicolas"]
[Result "0-1"]
[WhiteElo "1537"]
[BlackElo "1591"]
[PlyCount "94"]
[EventDate "2016.12.26"]
[EventType "swiss"]
[EventRounds "5"]
[EventCountry "CAN"]

1. d4 c5 2. e3 e6 3. c3 Nf6 4. Bd3 b6 5. Qe2 Bb7 6. f4 d5 7. Nf3 Be7 8. O-O
Nbd7 9. Nbd2 Ne4 10. Ne5 c4 11. Bc2 b5 12. Nxe4 dxe4 13. Bd2 g6 14. b3 Nxe5 15.
fxe5 Bd5 16. Qf2 O-O 17. bxc4 bxc4 18. Qf4 f5 19. exf6 Rxf6 20. Qg4 h5 21. Qe2
Bd6 22. g4 h4 23. Qg2 Rf3 24. Rxf3 exf3 25. Qf2 Qg5 26. Kh1 Qxg4 27. Rg1 Bg3
28. e4 Qh3 29. Rxg3 hxg3 30. Qxg3 Qxg3 31. hxg3 Bc6 32. Kg1 Rb8 33. Bc1 Ba4 34.
Bf4 Bxc2 35. Bxb8 Bxe4 36. Bxa7 Kf7 37. Bb8 Kf6 38. Kf2 Kf5 39. a3 Bc6 40. Ke3
Kg4 41. Bd6 Kh3 42. Kf2 Kg4 43. Ke3 Kf5 44. Be5 g5 45. Bd6 g4 46. Be5 Kg6 47.
Kf4 f2 0-1

[Event "Pere Noel U1800"]
[Site "Montreal CAN"]
[Date "2016.12.30"]
[Round "5.21"]
[White "Villeneuve, Benoit"]
[Black "Richard, Leo"]
[Result "1-0"]
[WhiteElo "1791"]
[BlackElo "1582"]
[PlyCount "95"]
[EventDate "2016.12.26"]
[EventType "swiss"]
[EventRounds "5"]
[EventCountry "CAN"]

1. e4 e6 2. d4 d5 3. Nc3 Bb4 4. exd5 exd5 5. Bd3 Nf6 6. Nf3 O-O 7. O-O Bg4 8.
Bg5 c6 9. Re1 Nbd7 10. a3 Bd6 11. h3 Bh5 12. Re3 h6 13. Bxf6 Nxf6 14. Ne2 Re8
15. Ne5 Bxe5 16. dxe5 Nd7 17. f4 Qb6 18. Qc1 Nxe5 19. fxe5 Rxe5 20. Nf4 Rxe3
21. Kh1 Bg6 22. Nxg6 fxg6 23. Bxg6 Rg3 24. Bd3 Qf2 25. Qg1 Qxg1+ 26. Kxg1 Re3
27. Rf1 Rae8 28. Rf4 c5 29. b3 a6 30. a4 Rf8 31. Bh7+ Kxh7 32. Rxf8 Rc3 33. Rf2
c4 34. Rd2 cxb3 35. cxb3 Rxb3 36. Rxd5 Rb4 37. a5 Kg6 38. Kf2 Kf6 39. Rd6+ Ke5
40. Rg6 Rb2+ 41. Kf3 Kf5 42. Rxg7 Rb5 43. g4+ Kf6 44. Rd7 Rxa5 45. Rxb7 Rb5 46.
Rc7 a5 47. Rc6+ Kg5 48. h4+ 1-0

[Event "Pere Noel U1800"]
[Site "Montreal CAN"]
[Date "2016.12.30"]
[Round "5.22"]
[White "Sonn, Eric"]
[Black "O'Connor, Michael"]
[Result "0-1"]
[WhiteElo "1536"]
[BlackElo "1639"]
[PlyCount "76"]
[EventDate "2016.12.26"]
[EventType "swiss"]
[EventRounds "5"]
[EventCountry "CAN"]

1. e4 c5 2. Nf3 Nc6 3. d4 cxd4 4. Nxd4 Nf6 5. Nxc6 bxc6 6. e5 Nd5 7. c4 Nb6 8.
b3 d5 9. Qc2 e6 10. Bd3 h6 11. O-O Be7 12. f4 f5 13. Be2 Rg8 14. Nc3 Qc7 15.
cxd5 cxd5 16. Qb2 Bd7 17. Bd2 Rc8 18. Ba6 Qc5+ 19. Rf2 Rc7 20. a4 Kf7 21. Nb5
Bxb5 22. Bxb5 Qc2 23. Be3 Qc3 24. Bd4 Qxb2 25. Rxb2 Bc5 26. Bxc5 Rxc5 27. Kf2
Rgc8 28. Raa2 g5 29. g3 R8c7 30. Bd3 Rc3 31. Ke2 d4 32. b4 gxf4 33. gxf4 Nd5
34. Bb1 Nxf4+ 35. Kd2 Ng6 36. b5 Nxe5 37. b6 axb6 38. Rxb6 Nc4+ 0-1

[Event "Pere Noel U1800"]
[Site "Montreal CAN"]
[Date "2016.12.30"]
[Round "5.23"]
[White "Forest, Jimmy"]
[Black "Yergeau, Simon"]
[Result "1/2-1/2"]
[WhiteElo "1529"]
[BlackElo "1601"]
[PlyCount "107"]
[EventDate "2016.12.26"]
[EventType "swiss"]
[EventRounds "5"]
[EventCountry "CAN"]

1. e4 c5 2. Nf3 d6 3. d4 cxd4 4. Nxd4 Nf6 5. Nc3 a6 6. Be2 e5 7. Nb3 Be6 8. Bg5
Be7 9. Bxf6 Bxf6 10. Bg4 O-O 11. Bxe6 fxe6 12. Qg4 Qe8 13. Rd1 Qf7 14. O-O Be7
15. Rd3 Nd7 16. Na5 Nf6 17. Qf3 Rab8 18. Nc4 Rfd8 19. Rfd1 Ne8 20. Qxf7+ Kxf7
21. Nb6 Nf6 22. h3 g6 23. g3 Kg7 24. Kg2 Rf8 25. f3 Rf7 26. a4 Rbf8 27. Nc4 Ne8
28. Nb1 b5 29. axb5 axb5 30. Ncd2 Nc7 31. Ra3 d5 32. Rc3 Bg5 33. Rf1 h5 34. h4
Bh6 35. g4 hxg4 36. fxg4 Bf4 37. Rc6 Ra8 38. Nb3 Ra6 39. Rxa6 Nxa6 40. exd5
exd5 41. Nc3 Nc7 42. Nc5 d4 43. Ne2 Nd5 44. Ne6+ Kg8 45. N2xf4 exf4 46. Nxd4
Ne3+ 47. Kg1 Nxf1 48. Kxf1 Rd7 49. c3 b4 50. Kf2 bxc3 51. bxc3 Rc7 52. Ne2 Kf7
53. Kf3 Rc4 54. h5 1/2-1/2

[Event "Pere Noel U1800"]
[Site "Montreal CAN"]
[Date "2016.12.30"]
[Round "5.24"]
[White "Yu, Xi Ming"]
[Black "Guan, Zi Yu"]
[Result "0-1"]
[WhiteElo "1540"]
[BlackElo "1637"]
[PlyCount "112"]
[EventDate "2016.12.26"]
[EventType "swiss"]
[EventRounds "5"]
[EventCountry "CAN"]

1. e4 c5 2. Nf3 d6 3. d4 cxd4 4. Nxd4 Nf6 5. Nc3 e5 6. Bb5+ Bd7 7. Bxd7+ Nbxd7
8. Nf5 Nc5 9. f3 h6 10. O-O g6 11. Ne3 a6 12. Ned5 Bg7 13. Be3 O-O 14. Qd2 Kh7
15. Rad1 Ne8 16. f4 exf4 17. Rxf4 Nc7 18. Qf2 Nxd5 19. Nxd5 Rc8 20. b4 Ne6 21.
Rxf7 Rxf7 22. Qxf7 Ng5 23. Qxb7 Rxc2 24. Qxa6 Qd7 25. Bxg5 hxg5 26. Ne3 Rb2 27.
a3 Qf7 28. Qf1 Qb3 29. Qd3 Qf7 30. Rf1 Qa2 31. Qd5 Qxa3 32. Qxg5 Qxb4 33. Qh4+
Kg8 34. Nd5 Qd4+ 35. Kh1 Be5 36. Qd8+ Kh7 37. Qe7+ Bg7 38. Qh4+ Bh6 39. Rf7+
Kg8 40. Rf1 Kh7 41. h3 Rb7 42. Qd8 Bg7 43. Qh4+ Bh6 44. Nf6+ Kg7 45. Ne8+ Kh7
46. Qf6 Qd3 47. Nxd6 Bg7 48. Qh4+ Bh6 49. Nxb7 Qxf1+ 50. Kh2 Qf8 51. e5 Qe8 52.
Qe4 Bg7 53. e6 Bf8 54. Qh4+ Kg8 55. Qe4 Kh7 56. Qc6 Qxc6 0-1

[Event "Pere Noel U1800"]
[Site "Montreal CAN"]
[Date "2016.12.30"]
[Round "5.25"]
[White "Varfalvy, Peter"]
[Black "Kay, Sang Kil"]
[Result "1/2-1/2"]
[WhiteElo "1409"]
[BlackElo "1565"]
[PlyCount "139"]
[EventDate "2016.12.26"]
[EventType "swiss"]
[EventRounds "5"]
[EventCountry "CAN"]

1. b3 g6 2. Bb2 Nf6 3. Nf3 Bg7 4. c4 b6 5. e3 Bb7 6. Be2 O-O 7. Nc3 d6 8. d4
Nbd7 9. Qc2 c5 10. d5 e6 11. Rd1 e5 12. O-O Nh5 13. Nd2 f5 14. Bxh5 gxh5 15. f4
e4 16. Nb5 Qe7 17. Bxg7 Kxg7 18. Nc7 Rf6 19. Qc3 Rg8 20. Ne6+ Kf7 21. Ng5+ Ke8
22. Qc2 Qg7 23. Ndxe4 fxe4 24. Qxe4+ Qe7 25. Qxh7 Qxh7 26. Nxh7 Rfg6 27. Ng5
Nf6 28. Rd2 Bc8 29. h4 Bf5 30. e4 Nxe4 31. Re1 Rxg5 32. fxg5 Kd7 33. Rde2 Re8
34. g4 hxg4 35. h5 Rh8 36. Rxe4 Bxe4 37. Rxe4 Rxh5 38. Rxg4 Ke7 39. g6 Kf8 40.
g7+ Kg8 41. Rg6 Rh7 42. Rxd6 Rxg7+ 43. Kf2 Kf8 44. Re6 Rh7 45. Re2 Rh4 46. Ke3
Ke7 47. Kd3+ Kd7 48. Kc3 Rh3+ 49. Kc2 Rh6 50. Rg2 Rh7 51. Kb2 Kc7 52. a4 a5 53.
Rg6 Rh4 54. Rg7+ Kc8 55. Rg2 Rd4 56. Kc3 Kd7 57. Rg7+ Kd8 58. Rg3 Kd7 59. Rd3
Re4 60. Rh3 Rd4 61. Rh6 Kc7 62. Rh7+ Kc8 63. Rh5 Kd7 64. Rh2 Kd6 65. Rb2 Rh4
66. Rd2 Rg4 67. Kd3 Rg3+ 68. Kc2 Rg4 69. Re2 Rd4 70. Re6+ 1/2-1/2

[Event "Pere Noel U1800"]
[Site "Montreal CAN"]
[Date "2016.12.30"]
[Round "5.26"]
[White "Raduica, Gheorghe"]
[Black "Velasquez, Cesar"]
[Result "0-1"]
[WhiteElo "1509"]
[BlackElo "1293"]
[PlyCount "44"]
[EventDate "2016.12.26"]
[EventType "swiss"]
[EventRounds "5"]
[EventCountry "CAN"]

1. d4 d5 2. Nc3 e6 3. e4 Bb4 4. Qf3 h6 5. Bd2 Nc6 6. Bb5 Bd7 7. Nge2 a6 8. Ba4
Na7 9. Bb3 Nf6 10. e5 Ne4 11. Nxe4 dxe4 12. Qxe4 Bxd2+ 13. Kxd2 Qe7 14. Rad1
Bc6 15. d5 exd5 16. Bxd5 Bxd5 17. Qg4 Qxe5 18. Kc1 O-O 19. Nc3 Be6 20. Qf3 Nb5
21. Rhe1 Qg5+ 22. Kb1 Bg4 0-1

[Event "Pere Noel U1800"]
[Site "Montreal CAN"]
[Date "2016.12.30"]
[Round "5.27"]
[White "Chang, Alexander RZ"]
[Black "Guzman, Marcelo"]
[Result "1-0"]
[WhiteElo "1393"]
[BlackElo "1535"]
[PlyCount "61"]
[EventDate "2016.12.26"]
[EventType "swiss"]
[EventRounds "5"]
[EventCountry "CAN"]

1. e4 c6 2. d4 d5 3. exd5 cxd5 4. Bd3 Nf6 5. h3 Nc6 6. Nf3 Nb4 7. Be2 Bf5 8.
Na3 h6 9. O-O e6 10. Bf4 a6 11. c3 Nc6 12. Nc2 Qb6 13. Rb1 Be7 14. Bd3 Be4 15.
Re1 Qd8 16. Be5 Bd6 17. Bxf6 Qxf6 18. Bxe4 dxe4 19. Rxe4 Ne7 20. Nce1 Rc8 21.
Nd3 Nd5 22. Qb3 Qe7 23. Rbe1 O-O 24. Qxd5 exd5 25. Rxe7 Bxe7 26. Rxe7 Rb8 27.
Nfe5 Rfe8 28. Rxe8+ Rxe8 29. Kf1 f6 30. Nd7 Re7 31. Nb6 1-0

[Event "Pere Noel U1800"]
[Site "Montreal CAN"]
[Date "2016.12.30"]
[Round "5.28"]
[White "Milosz, Jerzy"]
[Black "Legault, Simon"]
[Result "1-0"]
[WhiteElo "1529"]
[BlackElo "1387"]
[PlyCount "77"]
[EventDate "2016.12.26"]
[EventType "swiss"]
[EventRounds "5"]
[EventCountry "CAN"]

1. e4 c5 2. Nf3 d6 3. d4 cxd4 4. Nxd4 Nf6 5. Nc3 a6 6. Be2 e5 7. Nb3 Be7 8. O-O
O-O 9. Be3 b5 10. Qd3 Be6 11. Nd5 Nbd7 12. a4 Bxd5 13. exd5 b4 14. c4 bxc3 15.
bxc3 Ne8 16. f4 f5 17. fxe5 Nxe5 18. Qc2 Nc7 19. c4 Rc8 20. Bb6 Qd7 21. Bxc7
Rxc7 22. Nd4 Ng4 23. Bxg4 fxg4 24. Rxf8+ Bxf8 25. Ne6 Rc8 26. Rf1 Be7 27. Qf5
Bf6 28. Qxg4 Rb8 29. Rxf6 Qa7+ 30. c5 Rb1+ 31. Rf1 Rxf1+ 32. Kxf1 dxc5 33. Qf3
Qb8 34. Qf4 Qe8 35. Qc7 Qf7+ 36. Qxf7+ Kxf7 37. Nxc5 Kf6 38. d6 Ke5 39. d7 1-0

[Event "Pere Noel U1800"]
[Site "Montreal CAN"]
[Date "2016.12.30"]
[Round "5.29"]
[White "Bergeron, Jean-Guy"]
[Black "Liu, Kevin"]
[Result "0-1"]
[WhiteElo "1518"]
[BlackElo "1373"]
[PlyCount "30"]
[EventDate "2016.12.26"]
[EventType "swiss"]
[EventRounds "5"]
[EventCountry "CAN"]

1. c4 c5 2. Nf3 Nc6 3. d4 cxd4 4. Nxd4 g6 5. e4 Bg7 6. Be3 Nf6 7. Nxc6 bxc6 8.
e5 Qa5+ 9. Nc3 Qxe5 10. Qf3 O-O 11. O-O-O Qc7 12. Nb5 Qb7 13. Nd4 Rb8 14. Nb3
d6 15. g4 Bxg4 0-1

[Event "Pere Noel U1800"]
[Site "Montreal CAN"]
[Date "2016.12.30"]
[Round "5.30"]
[White "Lefebvre, Eugene"]
[Black "Bureau, Robert"]
[Result "0-1"]
[WhiteElo "1322"]
[BlackElo "1476"]
[PlyCount "140"]
[EventDate "2016.12.26"]
[EventType "swiss"]
[EventRounds "5"]
[EventCountry "CAN"]

1. e4 e5 2. Nf3 Nc6 3. Bb5 Nf6 4. d3 d6 5. c3 Bd7 6. O-O Be7 7. Ba4 O-O 8. h3
a6 9. Re1 b5 10. Bc2 h6 11. Nbd2 Re8 12. Nf1 Bf8 13. Ng3 Ne7 14. d4 exd4 15.
cxd4 Bc6 16. d5 Bb7 17. b3 Ng6 18. Bb2 Nd7 19. Nd4 Nde5 20. Nf3 Nxf3+ 21. Qxf3
Ne5 22. Qd1 c6 23. dxc6 Bxc6 24. Rc1 Rc8 25. Bb1 Bb7 26. Rxc8 Bxc8 27. Qd2 Bb7
28. Bc3 Bc8 29. Ba5 Qd7 30. Rc1 Nc6 31. Bb6 Qb7 32. Be3 Ne5 33. Qc2 Bd7 34. Qc7
Qxc7 35. Rxc7 Ra8 36. f4 Rc8 37. Rxc8 Bxc8 38. fxe5 dxe5 39. Ne2 f6 40. Nc3 Be7
41. Bd3 Bd8 42. Nxb5 axb5 43. Bxb5 Be7 44. Bb6 Ba3 45. Kf2 Kf7 46. Ke3 Ke6 47.
Bc4+ Kd6 48. Kd3 Bb7 49. Bf7 Ba6+ 50. Bc4 Bb7 51. g4 Bc8 52. Bf7 Ba6+ 53. Bc4
Bc8 54. Bd5 Ba6+ 55. Bc4 Bc8 56. Ba5 h5 57. Kc3 hxg4 58. hxg4 Bxg4 59. Bb4+
Bxb4+ 60. Kxb4 Bc8 61. Kc3 Bb7 62. Bd3 g5 63. Kd2 Kc5 64. a3 Kd4 65. b4 Bxe4
66. Bxe4 Kxe4 67. b5 Kd5 68. a4 Kc5 69. Ke3 f5 70. Kf3 e4+ 0-1

[Event "Pere Noel U1800"]
[Site "Montreal CAN"]
[Date "2016.12.30"]
[Round "5.31"]
[White "Labadie, Bernard"]
[Black "Giroux, Gilbert"]
[Result "0-1"]
[WhiteElo "1311"]
[BlackElo "1632"]
[PlyCount "84"]
[EventDate "2016.12.26"]
[EventType "swiss"]
[EventRounds "5"]
[EventCountry "CAN"]

1. c4 Nf6 2. Nc3 g6 3. Nf3 d6 4. h3 Bg7 5. d4 O-O 6. Bg5 h6 7. Bd2 Nbd7 8. Qc1
Kh7 9. e3 e5 10. Bd3 exd4 11. Nxd4 Re8 12. O-O Nc5 13. Bc2 Nfe4 14. f3 Bxh3 15.
fxe4 Qg5 16. Rf2 Be5 17. Nf3 Qg3 18. Nxe5 Rxe5 19. Qf1 Be6 20. Ne2 Qg5 21. Bc3
Nxe4 22. Bxe5 Nxf2 23. Bf4 Nh3+ 24. Kh2 Nxf4 25. exf4 Qh5+ 26. Kg1 Bxc4 27. Bd1
Re8 28. Kf2 Qc5+ 29. Ke1 Qb4+ 30. Kf2 Qxb2 31. Rc1 Bxe2 32. Bxe2 Rxe2+ 33. Qxe2
Qxc1 34. g3 Qc5+ 35. Kg2 d5 36. Qe8 Qc2+ 37. Kh3 Kg7 38. Qe5+ Kh7 39. g4 c6 40.
Qf6 Qd3+ 41. Kh4 Kg8 42. f5 g5+ 0-1

[Event "Pere Noel U1800"]
[Site "Montreal CAN"]
[Date "2016.12.30"]
[Round "5.32"]
[White "Hebert, Mario"]
[Black "Gendron, Roger"]
[Result "1-0"]
[WhiteElo "1516"]
[BlackElo "1494"]
[PlyCount "101"]
[EventDate "2016.12.26"]
[EventType "swiss"]
[EventRounds "5"]
[EventCountry "CAN"]

1. c4 e5 2. Nc3 Nf6 3. g3 Nc6 4. Bg2 Bc5 5. Nf3 O-O 6. O-O Re8 7. d3 d6 8. a3
a6 9. b4 Ba7 10. Nd2 Nd4 11. h3 c6 12. Kh2 Bd7 13. e3 Nf5 14. Nb3 Qc8 15. Qd2
Be6 16. Qb2 Qc7 17. Bd2 Rad8 18. Rac1 Bb8 19. e4 Ne7 20. Be3 b6 21. Rfd1 Rd7
22. a4 Red8 23. b5 c5 24. Nd5 Bxd5 25. cxd5 axb5 26. axb5 Nc8 27. Nd2 Na7 28.
Nc4 Re7 29. Ra1 Qd7 30. Rdb1 Qc7 31. Ra6 Nc8 32. Rc1 Ba7 33. Na3 Nd7 34. Nc4
Rf8 35. Rca1 f5 36. exf5 Rxf5 37. Be4 Rf8 38. R1a2 Ref7 39. Qa1 Nf6 40. Bf5 Bb8
41. Be6 Ne7 42. Qh1 Kh8 43. Nxb6 Nexd5 44. Nxd5 Nxd5 45. Bxd5 Rf6 46. b6 Qd7
47. b7 Qb5 48. Qe4 Qb1 49. Kg2 c4 50. dxc4 Qe1 51. Qc2 1-0

[Event "Pere Noel-A"]
[Site "Gatineau CAN"]
[Date "2016.12.06"]
[Round "1"]
[White "Bilodeau, Victor"]
[Black "Bastien, Andre"]
[Result "1-0"]
[WhiteElo "1623"]
[BlackElo "1828"]
[PlyCount "89"]
[EventDate "2016.12.06"]
[EventType "swiss"]
[EventRounds "5"]
[EventCountry "CAN"]

1. d4 Nf6 2. Nf3 e6 3. Bg5 Be7 4. Nbd2 b6 5. e4 d5 6. e5 Ne4 7. Bxe7 Qxe7 8. c3
O-O 9. Nxe4 dxe4 10. Nd2 e3 11. fxe3 Bb7 12. Nf3 Nd7 13. Bd3 f6 14. exf6 Rxf6
15. O-O Raf8 16. Be2 e5 17. Qc2 e4 18. Nd2 Rxf1+ 19. Rxf1 Rxf1+ 20. Bxf1 Qg5
21. Nxe4 Qxe3+ 22. Nf2 Nf6 23. Qe2 Qc1 24. Nd3 Qb1 25. Qe6+ Kh8 26. Ne5 h6 27.
Qf7 Be4 28. Qxc7 Qxb2 29. Qxa7 Qxc3 30. Qxb6 Qe3+ 31. Kh1 Qf2 32. Qb5 Qxd4 33.
a4 Nd5 34. Nf3 Bxf3 35. gxf3 Nc3 36. Qb2 Qe3 37. a5 Qe1 38. Kg2 h5 39. a6 Nd1
40. Qb8+ Kh7 41. Bd3+ g6 42. Qc7+ Kh6 43. Qf4+ Kg7 44. Qd4+ Kh7 45. Bxg6+ 1-0

[Event "Pere Noel-A"]
[Site "Gatineau CAN"]
[Date "2016.12.06"]
[Round "1"]
[White "Desjardins, Michel"]
[Black "Danilov, Alex"]
[Result "1-0"]
[WhiteElo "1938"]
[BlackElo "1750"]
[PlyCount "60"]
[EventDate "2016.12.06"]
[EventType "swiss"]
[EventRounds "5"]
[EventCountry "CAN"]

1. e4 c5 2. c3 Nf6 3. e5 Nd5 4. d4 e6 5. Nf3 cxd4 6. cxd4 Nc6 7. Nc3 d6 8. exd6
Bxd6 9. Bd3 Bd7 10. O-O h6 11. Nxd5 exd5 12. Qb3 O-O 13. Qxd5 Bg4 14. Qe4 f5
15. Qe6+ Kh8 16. Be3 Rf6 17. Qc4 Bxf3 18. gxf3 Rg6+ 19. Kh1 Qh4 20. f4 Bxf4 21.
Bxf4 Qxf4 22. f3 Re8 23. Qf7 Ree6 24. Qf8+ Kh7 25. Bxf5 Qe3 26. Bxe6 Qxe6 27.
Rae1 Qh3 28. Rg1 Nxd4 29. Rxg6 Kxg6 30. Rg1+ Kh5 1-0

[Event "Pere Noel-A"]
[Site "Gatineau CAN"]
[Date "2016.12.06"]
[Round "1"]
[White "Jobin, Gilles G"]
[Black "Piche, Guy"]
[Result "1/2-1/2"]
[WhiteElo "1832"]
[BlackElo "1637"]
[PlyCount "73"]
[EventDate "2016.12.06"]
[EventType "swiss"]
[EventRounds "5"]
[EventCountry "CAN"]

1. e4 e5 2. Bc4 Nf6 3. Nc3 Bc5 4. d3 Nc6 5. Nf3 O-O 6. a3 a6 7. Bg5 Be7 8. Bxf6
Bxf6 9. Nd5 d6 10. h3 Na5 11. Ba2 Be6 12. Qd2 Nc6 13. O-O Nb8 14. Nxf6+ Qxf6
15. Qg5 Qxg5 16. Nxg5 Bxa2 17. Rxa2 h6 18. Nf3 f5 19. b4 fxe4 20. dxe4 Rf4 21.
Nd2 Nc6 22. g3 Rf6 23. c3 Raf8 24. Nc4 b6 25. Ne3 Rf3 26. Nd5 R8f7 27. Kg2 Nb8
28. Rc2 Rd3 29. Ne3 Nd7 30. Re1 Nf6 31. f3 Kf8 32. Nd1 Nh5 33. Rf1 Ke7 34. Nb2
Re3 35. Nc4 Rd3 36. Nb2 Re3 37. Nc4 1/2-1/2